Erase Asia Quiz Stats

Quiz Updated Nov 22, 2017

Also try: Erase the USA
Challenge
Share
Tweet
Score 0/49 Timer 05:00
1,245 Plays Today
% Correct
???
39.9%
???
39.7%
???
39.5%
???
39.4%
???
39.1%
???
38.9%
???
38.4%
???
38.3%
???
37.9%
???
36.2%
???
36.2%
???
36.1%
???
36.1%
???
35.7%
???
34.9%
???
34.7%
???
34.6%
???
33.9%
???
33.5%
???
33.2%
???
32.9%
???
32.9%
???
32.7%
???
32.1%
???
31.9%
% Correct
???
31.9%
???
31.6%
???
31.6%
???
31.5%
???
31.4%
???
30.8%
???
30.5%
???
29.4%
???
29%
???
28.8%
???
28.6%
???
28.4%
???
28.3%
???
26.5%
???
26.4%
???
25.9%
???
24.6%
???
24.6%
???
24.6%
???
23.2%
???
23.1%
???
22.5%
???
22.3%
???
20.8%

You're not logged in!

Compare scores with friends on all Sporcle quizzes.
Join for Free
OR
Log In

You Might Also Like...

Show Comments

Extras

Top Quizzes Today


Score Distribution

Your Account Isn't Verified!

In order to create a playlist on Sporcle, you need to verify the email address you used during registration. Go to your Sporcle Settings to finish the process.

Report this User

Report this user for behavior that violates our Community Guidelines.

Details: